[Event "Arco op 42nd"]
[Site "Arco"]
[Date "2020.10.18"]
[Round "9.23"]
[White "Prosperi, Agostino"]
[Black "Schoebel Kroehn, Lucas"]
[Result "0-1"]
[WhiteElo "1848"]
[BlackElo "1964"]
[PlyCount "64"]
[EventDate "2020.10.10"]
[EventType "swiss"]
[EventRounds "9"]
[EventCountry "ITA"]
[SourceTitle "CBM 198 Extra"]
[Source "ChessBase"]
[SourceDate "2020.11.30"]
[SourceVersion "1"]
[SourceVersionDate "2020.11.30"]
[SourceQuality "1"]

1. d4 Nf6 2. c4 g6 3. Nf3 Bg7 4. Nc3 0-0 5. e4 d6 6. Be2 e5 7. Bd3 Nc6 8. d5 Ne7 9. h3 Nh5 10. g4 Nf4 11. Bxf4 exf4 12. Rg1 f5 13. gxf5 gxf5 14. e5 dxe5 15. Nxe5 Qd6 16. Nf3 Ng6 17. Qd2 Bd7 18. 0-0-0 Rfe8 19. h4 Kh8 20. Ng5 Ne5 21. Be2 h6 22. Nf3 Ng4 23. Bd3 Rf8 24. Bc2 a6 25. Nd4 Qc5 26. Rxg4 Bxd4 27. Qxf4 Bg7 28. Rg6 Kh7 29. Rdg1 Rf7 30. Qg3 Qd4 31. Rxh6+ Bxh6+ 32. Kb1 Rg7 0-1

[Event "Arco op 42nd"]
[Site "Arco"]
[Date "2020.10.17"]
[Round "8.26"]
[White "Schoebel Kroehn, Lucas"]
[Black "Monducci, Mirko"]
[Result "1/2-1/2"]
[WhiteElo "1964"]
[BlackElo "1885"]
[PlyCount "63"]
[EventDate "2020.10.10"]
[EventType "swiss"]
[EventRounds "9"]
[EventCountry "ITA"]
[SourceTitle "CBM 198 Extra"]
[Source "ChessBase"]
[SourceDate "2020.11.30"]
[SourceVersion "1"]
[SourceVersionDate "2020.11.30"]
[SourceQuality "1"]

1. e4 c6 2. d4 d5 3. e5 Bf5 4. Nf3 e6 5. Be2 Ne7 6. 0-0 Nd7 7. Nbd2 c5 8. dxc5 Nc6 9. a3 Bxc5 10. b4 Bb6 11. Bb2 Bc7 12. Bb5 Bb6 13. c4 Ne7 14. cxd5 Nxd5 15. Nc4 Bc7 16. Nd4 Bg6 17. Qg4 a6 18. Nxe6 fxe6 19. Qxe6+ Ne7 20. Nd6+ Bxd6 21. exd6 axb5 22. Bxg7 Bf7 23. dxe7 Qc7 24. Qf5 Rg8 25. Rac1 Qb6 26. Rfd1 Qe6 27. Qxe6 Bxe6 28. Bb2 Kxe7 29. Rc7 Rge8 30. Rxb7 Rab8 31. Ra7 Ra8 32. Rb7 1/2-1/2

[Event "Bad Woerishofen op 36th"]
[Site "Bad Woerishofen"]
[Date "2020.03.12"]
[Round "7"]
[White "Schoebel Kroehn, Lucas"]
[Black "Vetokhina, Sofia"]
[Result "1-0"]
[WhiteElo "1965"]
[BlackElo "1862"]
[PlyCount "55"]
[EventDate "2020.03.06"]
[EventType "swiss"]
[EventRounds "9"]
[EventCountry "GER"]
[SourceTitle "CBM 195 Extra"]
[Source "ChessBase"]
[SourceDate "2020.05.31"]
[SourceVersion "1"]
[SourceVersionDate "2020.05.31"]
[SourceQuality "1"]

1. d4 g6 2. c4 Nf6 3. Nc3 Bg7 4. e4 d6 5. Bd3 0-0 6. Nge2 c5 7. d5 e6 8. 0-0 exd5 9. exd5 Re8 10. Bg5 Nbd7 11. f4 Qb6 12. Qd2 Qa5 13. a4 Nb6 14. h3 Bd7 15. b3 Nh5 16. Rad1 f5 17. Bh4 a6 18. Qc2 Nc8 19. g4 fxg4 20. f5 gxf5 21. Bxf5 Bxf5 22. Qxf5 Nb6 23. Qxh5 Bxc3 24. Qf7+ Kh8 25. Nxc3 Qxc3 26. Bf6+ Qxf6 27. Qxf6+ Kg8 28. Qg5+ 1-0

[Event "Bad Woerishofen op 36th"]
[Site "Bad Woerishofen"]
[Date "2020.03.11"]
[Round "6"]
[White "Mack, Thomas"]
[Black "Schoebel Kroehn, Lucas"]
[Result "1/2-1/2"]
[WhiteElo "1908"]
[BlackElo "1965"]
[PlyCount "31"]
[EventDate "2020.03.06"]
[EventType "swiss"]
[EventRounds "9"]
[EventCountry "GER"]
[SourceTitle "CBM 195 Extra"]
[Source "ChessBase"]
[SourceDate "2020.05.31"]
[SourceVersion "1"]
[SourceVersionDate "2020.05.31"]
[SourceQuality "1"]

1. e4 c5 2. Nf3 Nc6 3. d4 cxd4 4. Nxd4 g6 5. Nc3 Bg7 6. Nb3 Nf6 7. g4 d5 8. exd5 Nb4 9. Bb5+ Bd7 10. g5 Nh5 11. a3 Bxc3+ 12. bxc3 Nxc2+ 13. Qxc2 Bxb5 14. c4 Bd7 15. Qc3 Rf8 16. 0-0 1/2-1/2

[Event "Oberliga Ost-B 1617"]
[Site "Germany"]
[Date "2016.10.16"]
[Round "1.8"]
[White "Bykov, Vyacheslav"]
[Black "Schoebel Kroehn, Lucas"]
[Result "1/2-1/2"]
[WhiteElo "1935"]
[BlackElo "1959"]
[PlyCount "86"]
[EventDate "2016.10.16"]
[EventType "team-tourn"]
[EventRounds "11"]
[EventCountry "GER"]
[SourceTitle "EXT 2018"]
[Source "ChessBase"]
[SourceDate "2017.10.13"]
[SourceVersion "1"]
[SourceVersionDate "2017.10.13"]
[SourceQuality "1"]
[WhiteTeam "Wiesbaden"]
[BlackTeam "Moerlenbach Birkenau"]
[WhiteTeamCountry "GER"]
[BlackTeamCountry "GER"]

1. d4 Nf6 2. c4 e6 3. Nc3 Bb4 4. e3 0-0 5. Qc2 b6 6. Nh3 d5 7. Bd3 c5 8. a3 dxc4 9. Bxc4 cxd4 10. axb4 dxc3 11. bxc3 Qc7 12. Bd3 Nc6 13. Ng5 h6 14. Nh7 Nxh7 15. Bxh7+ Kh8 16. Bd3 Ne5 17. Be2 Bb7 18. 0-0 Rfc8 19. Bd2 Qc6 20. f3 Nc4 21. Bc1 a5 22. bxa5 bxa5 23. Rd1 Ne5 24. Kf2 a4 25. Rd4 Qxc3 26. Qxc3 Rxc3 27. Bd2 Rc2 28. Bd1 Rb2 29. Raxa4 Rxa4 30. Bxa4 Ba6 31. Kg3 Nc4 32. Bc1 Rb4 33. Bc2 g6 34. Bd3 e5 35. Rd8+ Kg7 36. Ra8 Bb7 37. Ra7 Bd5 38. Rc7 Nb2 39. Be2 Be6 40. Bd2 Rb3 41. h4 Kf6 42. Rc5 Na4 43. Rc2 Rb2 1/2-1/2

[Event "Hessen-chB"]
[Site "Offenbach"]
[Date "2012.04.05"]
[Round "4"]
[White "Barisch, Florian"]
[Black "Schoebel Kroehn, Lucas"]
[Result "0-1"]
[WhiteElo "1941"]
[BlackElo "1894"]
[PlyCount "114"]
[EventDate "2012.04.05"]
[EventType "swiss"]
[EventRounds "7"]
[EventCountry "GER"]
[SourceTitle "EXT 2013"]
[Source "ChessBase"]
[SourceDate "2012.11.22"]
[SourceVersion "1"]
[SourceVersionDate "2012.11.22"]
[SourceQuality "1"]

1. d4 Nf6 2. Bf4 g6 3. c4 Bg7 4. Nc3 d6 5. e4 0-0 6. Qd2 Nbd7 7. Bh6 e5 8. d5 Nc5 9. Bxg7 Kxg7 10. f3 a5 11. Bd3 Nh5 12. Nge2 Bd7 13. 0-0-0 f5 14. Kb1 h6 15. Rdf1 Qg5 16. Qxg5 hxg5 17. Bc2 Nf6 18. Ng3 f4 19. Nge2 g4 20. Kc1 Rh8 21. Kd2 Rh6 22. Ng1 Rah8 23. h3 gxh3 24. Nxh3 Bxh3 25. Rxh3 Rxh3 26. gxh3 Rxh3 27. Nb5 Ne8 28. Bd1 g5 29. Nc3 Kh6 30. Rf2 Kg6 31. Rg2 Nf6 32. a3 Nh5 33. b4 axb4 34. axb4 Na6 35. Nb5 Ng3 36. Be2 Rh1 37. c5 dxc5 38. bxc5 Nxe2 39. Rxe2 Rb1 40. d6 cxd6 41. cxd6 Kf6 42. Nc3 Rb2+ 43. Ke1 Rxe2+ 44. Kxe2 Ke6 45. Nb5 Nc5 46. Kf2 b6 47. Kg2 Nb7 48. Nc7+ Kxd6 49. Nd5 b5 50. Kh3 Nd8 51. Kg4 Ne6 52. Kf5 Nd4+ 53. Kg4 Kc5 54. Kxg5 Nxf3+ 55. Kf5 b4 56. Ke6 b3 57. Nc3 Kd4 0-1

[Event "Hessen-ch Gr-D"]
[Site "Idstein"]
[Date "2009.04.10"]
[Round "2"]
[White "Schoebel Kroehn, Lucas"]
[Black "Gertz, Berthold"]
[Result "0-1"]
[WhiteElo "1727"]
[BlackElo "1993"]
[PlyCount "64"]
[EventDate "2009.04.10"]
[EventType "swiss"]
[EventRounds "5"]
[EventCountry "GER"]
[SourceTitle "EXT 2010"]
[Source "ChessBase"]
[SourceDate "2010.11.25"]
[SourceVersion "1"]
[SourceVersionDate "2010.11.25"]
[SourceQuality "1"]

1. e4 c5 2. Nf3 d6 3. d4 cxd4 4. Nxd4 Nf6 5. Nc3 a6 6. Bg5 e6 7. f4 Be7 8. Qf3 Qc7 9. 0-0-0 h6 10. Bh4 Nc6 11. g4 e5 12. Nf5 Bxf5 13. gxf5 Nd4 14. Qf2 b5 15. Bxf6 gxf6 16. Nd5 Qa5 17. Kb1 Rc8 18. c3 Nc6 19. Qh4 b4 20. Nxf6+ Kd8 21. Rd5 Qb6 22. c4 Qe3 23. fxe5 Nxe5 24. Bg2 Rxc4 25. Rhd1 Kc8 26. Bf1 Rc6 27. Ra5 Kb7 28. Nd5 Bxh4 29. Nxe3 Rhc8 30. Rad5 Bg5 31. Bxa6+ Kxa6 32. Rxd6 Bxe3 0-1

[Event "Gernsheim U20 op 3rd"]
[Site "Gernsheim"]
[Date "2005.05.??"]
[Round "4"]
[White "Haus, Marvin"]
[Black "Schoebel Kroehn, Lucas"]
[Result "1-0"]
[WhiteElo "1098"]
[BlackElo "1344"]
[PlyCount "99"]
[EventDate "2005.05.??"]
[EventType "swiss"]
[EventRounds "7"]
[EventCountry "GER"]
[SourceTitle "EXT 2007"]
[Source "ChessBase"]
[SourceDate "2006.11.23"]
[SourceVersion "1"]
[SourceVersionDate "2006.11.23"]
[SourceQuality "1"]

1. e4 c5 2. Nf3 Nc6 3. c4 g6 4. Nc3 Bg7 5. d3 e5 6. Be3 Nd4 7. Bxd4 cxd4 8. Nd5 Nf6 9. g3 d6 10. Bg2 Qa5+ 11. Qd2 Qd8 12. 0-0 Nxd5 13. cxd5 Qf6 14. Qg5 Qxg5 15. Nxg5 f5 16. f4 0-0 17. Rac1 h6 18. Ne6 Bxe6 19. dxe6 Rac8 20. exf5 gxf5 21. Bxb7 Rb8 22. Rc7 Rfe8 23. b3 Kh7 24. Bd5 Rb5 25. Bc6 Rc5 26. Rxg7+ Kxg7 27. Bxe8 e4 28. dxe4 fxe4 29. Bh5 d3 30. e7 Rc8 31. e8Q Rxe8 32. Bxe8 e3 33. Bh5 e2 34. Bxe2 dxe2 35. Re1 Kf6 36. Rxe2 d5 37. Re5 d4 38. Kf1 a5 39. Ke2 a4 40. bxa4 h5 41. Kd3 h4 42. gxh4 Kg6 43. Kxd4 Kf6 44. a5 Kf7 45. a6 Kg7 46. a7 Kf7 47. a8R Kg7 48. Ra6 Kf7 49. Rb5 Ke7 50. Rb7+ 1-0

[Event "Gernsheim U20 op 3rd"]
[Site "Gernsheim"]
[Date "2005.05.??"]
[Round "7"]
[White "Schoebel Kroehn, Lucas"]
[Black "Greilich, Lucas"]
[Result "1-0"]
[WhiteElo "1344"]
[BlackElo "949"]
[PlyCount "49"]
[EventDate "2005.05.??"]
[EventType "swiss"]
[EventRounds "7"]
[EventCountry "GER"]
[SourceTitle "EXT 2007"]
[Source "ChessBase"]
[SourceDate "2006.11.23"]
[SourceVersion "1"]
[SourceVersionDate "2006.11.23"]
[SourceQuality "1"]

1. d4 d5 2. c4 e6 3. Nc3 Bb4 4. Bd2 Bd7 5. a3 Bxc3 6. Bxc3 Nf6 7. e3 0-0 8. Bd3 b6 9. Nf3 c5 10. Qc2 Re8 11. dxc5 bxc5 12. Bxf6 Qxf6 13. Bxh7+ Kf8 14. Bd3 Rc8 15. 0-0 dxc4 16. Bxc4 Bc6 17. Be2 Nd7 18. Rad1 Ne5 19. Qxc5+ Kg8 20. Qxe5 Qxe5 21. Nxe5 Bb7 22. Rd7 Rab8 23. Rxf7 Rc2 24. Bc4 Rc8 25. Rxb7 1-0

[Event "Hessen-ch U14"]
[Site "Bad Homburg"]
[Date "2005.??.??"]
[Round "6"]
[White "De Visser, Leon"]
[Black "Schoebel Kroehn, Lucas"]
[Result "0-1"]
[WhiteElo "1453"]
[BlackElo "1036"]
[PlyCount "44"]
[EventDate "2005.04.??"]
[EventType "swiss"]
[EventRounds "8"]
[EventCountry "GER"]
[SourceTitle "EXT 2007"]
[Source "ChessBase"]
[SourceDate "2006.11.23"]
[SourceVersion "1"]
[SourceVersionDate "2006.11.23"]
[SourceQuality "1"]

1. d4 Nf6 2. Nf3 g6 3. c4 Bg7 4. Nc3 0-0 5. e4 d6 6. Be2 Nc6 7. 0-0 Re8 8. Bg5 e5 9. dxe5 dxe5 10. Qxd8 Rxd8 11. Nd5 Nxd5 12. Bxd8 Nf4 13. Rfd1 Nxe2+ 14. Kf1 Ned4 15. Nxd4 Nxd4 16. Bxc7 Be6 17. b3 b6 18. Bd6 f6 19. f4 Nc2 20. fxe5 Ne3+ 21. Ke2 Nxd1 22. Rxd1 Bg4+ 0-1

[Event "Hessen-ch U14"]
[Site "Bad Homburg"]
[Date "2005.??.??"]
[Round "7"]
[White "Schoebel Kroehn, Lucas"]
[Black "Lee Choon, Huat"]
[Result "1/2-1/2"]
[WhiteElo "1036"]
[BlackElo "1403"]
[PlyCount "102"]
[EventDate "2005.04.??"]
[EventType "swiss"]
[EventRounds "8"]
[EventCountry "GER"]
[SourceTitle "EXT 2007"]
[Source "ChessBase"]
[SourceDate "2006.11.23"]
[SourceVersion "1"]
[SourceVersionDate "2006.11.23"]
[SourceQuality "1"]

1. d4 d5 2. c4 c6 3. Nc3 Nf6 4. Nf3 e6 5. Bg5 Nbd7 6. e3 Qa5 7. a3 Qd8 8. Bd3 dxc4 9. Bxc4 b5 10. Bd3 a6 11. 0-0 Bb7 12. Qc2 c5 13. Ne5 Be7 14. dxc5 Nxc5 15. b4 Nxd3 16. Qxd3 Qxd3 17. Nxd3 h6 18. Bh4 0-0 19. Rfd1 Rac8 20. Rac1 Rfd8 21. Nb2 Rxd1+ 22. Nbxd1 g5 23. Bg3 Ne4 24. Ne2 Rxc1 25. Nxc1 Nxg3 26. hxg3 Bf6 27. Nd3 Bd5 28. f4 gxf4 29. gxf4 Kg7 30. Kf2 Bb3 31. Ke2 Bd5 32. Kf2 Bd8 33. Nc5 a5 34. Nc3 Bc4 35. Nb7 Bc7 36. Nxa5 Kf6 37. Nxc4 bxc4 38. Kf3 h5 39. a4 Kf5 40. a5 e5 41. a6 Bb6 42. b5 exf4 43. Nd5 Bc5 44. b6 c3 45. b7 c2 46. b8Q c1Q 47. Qxf4+ Ke6 48. Qe4+ Kd6 49. Qf4+ Ke6 50. Nc7+ Ke7 51. Qe5+ Kd7 1/2-1/2

[Event "Karl Mala Memorial op 08th"]
[Site "Frankfurt"]
[Date "2004.07.23"]
[Round "2"]
[White "Claus, Simon Martin"]
[Black "Schoebel Kroehn, Lucas"]
[Result "1-0"]
[WhiteElo "1576"]
[BlackElo "946"]
[PlyCount "73"]
[EventDate "2004.07.22"]
[EventType "swiss"]
[EventRounds "7"]
[EventCountry "GER"]
[SourceTitle "EXT 2005"]
[Source "ChessBase"]
[SourceDate "2004.11.15"]
[SourceVersion "1"]
[SourceVersionDate "2004.11.15"]
[SourceQuality "1"]

1. d4 Nf6 2. c4 e6 3. Nc3 Bb4 4. Bd2 0-0 5. Qc2 d6 6. e4 Nbd7 7. Bd3 b6 8. f4 e5 9. Nf3 Qe7 10. 0-0 Bb7 11. fxe5 dxe5 12. Rae1 a6 13. a3 Bd6 14. Bg5 Rfe8 15. d5 h6 16. Bh4 Rad8 17. Ne2 Nc5 18. Ng3 Bc8 19. Nh5 Bg4 20. Nxf6+ gxf6 21. Nd2 Kg7 22. Bxf6+ Qxf6 23. Rxf6 Kxf6 24. b4 Nxd3 25. Qxd3 Ke7 26. Qg3 Rg8 27. Qh4+ Kd7 28. Rf1 Rdf8 29. Qxh6 Rg6 30. Rxf7+ Rxf7 31. Qxg6 Rf4 32. g3 Rf8 33. Qxg4+ Kd8 34. Nf3 c6 35. Ng5 Ke8 36. Qe6+ Be7 37. d6 1-0

[Event "Karl Mala Memorial op 08th"]
[Site "Frankfurt"]
[Date "2004.07.23"]
[Round "3"]
[White "Schoebel Kroehn, Lucas"]
[Black "Goesswein, Dorothee"]
[Result "1/2-1/2"]
[WhiteElo "946"]
[BlackElo "1331"]
[PlyCount "62"]
[EventDate "2004.07.22"]
[EventType "swiss"]
[EventRounds "7"]
[EventCountry "GER"]
[SourceTitle "EXT 2005"]
[Source "ChessBase"]
[SourceDate "2004.11.15"]
[SourceVersion "1"]
[SourceVersionDate "2004.11.15"]
[SourceQuality "1"]

1. d4 Nf6 2. c4 g6 3. Nc3 Bg7 4. Bg5 0-0 5. Qc2 h6 6. Bf4 d6 7. 0-0-0 Ng4 8. Bg3 e5 9. h3 exd4 10. Nd5 Nf6 11. Rxd4 Nxd5 12. Rxd5 Be6 13. Rd1 Qg5+ 14. e3 Qa5 15. a3 a6 16. f4 b5 17. Nf3 Qb6 18. Bf2 Bxc4 19. Nd4 Nc6 20. Bxc4 Nxd4 21. exd4 bxc4 22. Qxc4 Rab8 23. b4 Rfe8 24. Rhe1 Qb7 25. d5 Rxe1 26. Rxe1 Rc8 27. Qc6 Qb5 28. Qxb5 axb5 29. Re2 f5 30. Rc2 Kf7 31. Bb6 c5 1/2-1/2